000
00362nam a22001457a 4500
008
230405b |||||||| |||| 00| 0 eng d
020
_a
978-81-8495-6654-2
082
_a
650.1
100
_a
Deepak Mehra
245
_a
Ready, Steady, Go
260
_b
Jaico Publishing House,
_c
2015
300
_a
209 p.
_c
21.5 cm
942
_2
ddc
999
_c
9463
_d
9464